000 00505cam a2200157 4500
001 FRBNF375523320000007
003 http://catalogue.bnf.fr/ark:/12148/cb375523325
005 20250724153854.0
008 250724b |||||||| |||| 00| 0 eng d
020 _a9780802823274
050 _aBS 440
_bTHE
245 _aTHEOLOGICAL DICTIONARY OF THE OLD TESTAMENT
_cEDITED BY G. JOHANNES BOTTERWECK & HELMER RINGGREN
260 _aMICHIGAN
_bWILLIAM B. EERDMAN
_cc1997
300 _axix, 463p,;
942 _2lcc
_cREF
_n0
999 _c7147
_d7147